000 01255nam a2200349 a 4500
999 _c63644
_d63644
001 768714001
003 CO-MdFUSB
005 20200413115739.0
007 cr cn|||||||||
008 201109t2011 sp ||||gs|||||||||||spa d
020 _a9781449233303
_qelectrónico
040 _aCO-MdFUSBC
_bspa.
_cCO-MdFUSB
_dCO-MdFUSBC
_erda
041 _aspa
082 0 4 _a222.15077
_222
100 1 _aLeón Azcárate, Juan Luis de.
_eautor
245 1 0 _aDeuteronomio
_c/ Juan Luis de León Azcárate.
_h[recurso electrónico]
264 1 _aEspaña :
_bDesclée de Brouwer,
_c[2011]
264 4 _c© 2011
300 _arecurso en línea (312 páginas)
_c;
336 _2rdacontent
_atexto
_btxt
337 _2rdamedia
_ainformático
_bc
338 _2rdacarrier
_aremoto
_bcr
347 _2rda
_afichero de texto
_bhtml
490 _aComentarios a la Nueva Biblia de Jerusalén.
516 _aTexto electrónico
538 _aAcceso a Internet; requiere usuario y clave asignada por la biblioteca
630 0 7 _aBiblia.
_pDeuteronomio
856 4 0 _uhttp://site.ebrary.com/lib/unisbcsp/Doc?id=10491371
_b10491371
_zAbrir Versión electrónica del libro Deuteronomio
942 _cBK
945 _aJTF-925